[Event "USChesslive.org"]
[Site "USChesslive INT"]
[Date "2000.10.08"]
[Round "1"]
[White "Diesen, Mark C"]
[Black "Atalik, Suat"]
[Result "0-1"]
[WhiteElo "2410"]
[BlackElo "2549"]
[Annotator "Atalik,S"]
[PlyCount "114"]
[EventDate "2000.10.??"]
[EventType "game"]
[EventRounds "1"]
[EventCountry "USA"]
[SourceTitle "CBM 079"]
[Source "ChessBase"]
[SourceDate "2000.11.21"]
[SourceVersion "1"]
[SourceVersionDate "2000.11.21"]
[SourceQuality "1"]

1. d4 Nf6 2. c4 g6 3. Nc3 d5 4. cxd5 Nxd5 5. e4 Nxc3 6. bxc3 Bg7 7. Bc4 {
Classical line.} O-O 8. Ne2 Qd7 $5 {Larsen's trademark.} 9. f3 $6 (9. O-O b6
10. Be3 Bb7 11. f3 Nc6 12. Rb1 $5) 9... c5 $1 10. O-O Nc6 11. Be3 $6 (11. dxc5
Qc7 12. Be3 Rd8 13. Qc2 (13. Qb3 $2 Na5 14. Bxf7+ $2 Kf8 $17) 13... Bd7 $44)
11... Na5 $1 (11... Rd8 12. dxc5 {transposes to the last note.}) 12. Bd3 cxd4
13. cxd4 b6 14. Rc1 $6 (14. Rb1 Bb7 15. Qd2 Rfc8 16. Rfc1 $11) 14... e6 15. f4
$6 Bb7 (15... f5 $142 16. d5 fxe4 17. Bxe4 Bb7 $17) 16. f5 exf5 17. exf5 Rfe8
18. Qd2 Rad8 $2 (18... Rac8 $36) 19. Kh1 $6 (19. Rf2 Rc8 20. Rcf1 Nc4 21. Bxc4
Rxc4 22. fxg6 fxg6 23. Bh6 Bd5 $14) 19... Rc8 (19... Qd5 20. Nf4 Qd7 21. Ne2
$11) 20. Bh6 $1 Qd5 21. Rf2 Rxc1+ 22. Qxc1 Bxd4 23. Nxd4 Qxd4 24. Qf1 Bd5 $1
25. fxg6 hxg6 26. Bg5 (26. Bxg6 $2 fxg6 27. Rf8+ Rxf8 28. Qxf8+ Kh7 $19) 26...
Bc4 27. Bxc4 Qxc4 28. Qa1 Qd4 {Tempting.} (28... Qe6 $5 29. Qf1 Nc4 $17) 29.
Qf1 Qe5 30. h4 $1 (30. Bd2 Qd5) 30... f5 $2 (30... Qe1 $2 31. Rxf7 $11) (30...
Qe6 $142) 31. Qa6 $6 (31. h5 $5 gxh5 (31... Qg3 32. Bd2 Qh4+ 33. Kg1 Qxh5 34.
Bxa5 bxa5 35. Qc4+ Kg7 36. Qd4+ $44) (31... Kf7 32. h6) (31... Qe1 32. hxg6 Kg7
33. Rxf5 Kxg6 34. Rf6+ $3 $11) 32. Rxf5 Qe1 33. Rf8+ Kh7 34. Rf7+ Kg6 35. Rf6+
$3 $11) 31... Qd4 $5 (31... Qe1+ 32. Rf1 Qe2 33. Qxe2 Rxe2 $17) 32. Rf3 $1 Nc6
(32... Nc4 $6 33. Qxa7 Ne5 34. Rf1 Ng4 35. Qc7 $11) 33. Qb7 Ne5 $5 (33... Qd1+
$6 34. Kh2 Ne5 35. Rg3 Ng4+ 36. Rxg4 Qxg4 (36... fxg4 37. Qc6 $1 $11) 37. Qd5+
$11) 34. Rf1 Qd7 $1 $17 35. Qxd7 Nxd7 36. Rd1 Nc5 37. Rd6 Kf7 38. Rf6+ Kg7 39.
Rc6 Ne6 40. Kh2 Kf7 $1 (40... Nxg5 $2 41. hxg5 $15 {xKg7,Pg6}) 41. Bc1 Re7 42.
Bb2 Rd7 43. Bc3 $2 (43. Be5 Rd5 44. Bb8 Ra5 45. Rc2 Nc5 $19) 43... Rc7 44.
Rxc7+ Nxc7 $19 45. Kh3 $5 (45. Kg3 Nd5 46. Bd4 Ke6 47. Kf3 a6 48. g4 b5 $19)
45... Nd5 46. Bd2 Nf6 47. Be3 Ke6 48. Kg3 Ke5 49. Bf4+ $2 $138 (49. Kf3 Nd5)
49... Ke4 50. Bb8 a6 51. Bc7 b5 52. Ba5 Nd5 53. Bd2 Ne3 $6 (53... b4 $19) 54.
Kh3 (54. Kf2 f4 (54... Nd5 55. a3 Nb6 $19) 55. Bxe3 fxe3+ 56. Ke2 Kf4 $19)
54... Kd3 55. Bc1 f4 56. g4 $2 (56. Ba3 a5 57. Bd6 Ke4 58. Bc7 a4 59. Ba5 Nd5
60. Kg4 b4 61. Bxb4 Nxb4 62. Kg5 Nxa2 63. Kxg6 a3 64. h5 Nc1 65. h6 a2 66. h7
a1=Q $19) 56... f3 57. Kg3 Ke2 0-1

[Event "Beersheba"]
[Site "Beersheba"]
[Date "1996.??.??"]
[Round "8"]
[White "Avrukh, Boris"]
[Black "Vydeslaver, Alik"]
[Result "1/2-1/2"]
[WhiteElo "2495"]
[BlackElo "2480"]
[Annotator "Baburin,A"]
[PlyCount "72"]
[EventDate "1996.03.??"]
[EventType "tourn"]
[EventRounds "11"]
[EventCountry "ISR"]
[EventCategory "10"]
[SourceTitle "CBM 053"]
[Source "ChessBase"]
[SourceDate "1996.08.01"]
[SourceVersion "1"]
[SourceVersionDate "1996.08.01"]
[SourceQuality "1"]

1. d4 Nf6 2. c4 g6 3. Nc3 d5 4. cxd5 Nxd5 5. e4 Nxc3 6. bxc3 Bg7 7. Bc4 c5 8.
Ne2 cxd4 9. cxd4 Nc6 10. Be3 O-O 11. O-O b6 12. Rc1 Bb7 13. Qa4 Rc8 14. Bb5 Na5
15. Rxc8 Qxc8 16. d5 Qc7 17. Nd4 Rc8 18. Be2 h6 19. h4 h5 20. Rc1 Qd8 21. Rb1
Qc7 22. Nb5 Qd7 23. Qb4 Ba6 {[#]} 24. Nxa7 $1 Bxe2 25. Nxc8 Qxc8 26. Qxb6 Nc4
27. Qb8 Qxb8 28. Rxb8+ Kh7 29. Bc5 Nd6 {[#] If this position arises by force
after 24 Nxa7!, I'd say that White's combination was a winning one, since the
position must be winning for White. He has got a rook & TWO pawns for bishop &
knight, an outside passed pawn; active pieces & a healthy pawn skeleton - what
else does one need?! Thus, I find it difficult to understand the next White's
move...} 30. f4 $2 {Misjudgement. Why should White give his opponent
counterplay?!} (30. f3 {Better, securing the centre and intending to advance
his a-pawn after due preparation.}) 30... Nxe4 31. Bxe7 Bd4+ 32. Kh2 Nf2 33. d6
Ng4+ 34. Kg3 (34. Kh3 Bg1 $5) 34... Bf2+ 35. Kh3 Ne3 36. Rb1 Bd3 1/2-1/2

[Event "Bugojno"]
[Site "Bugojno"]
[Date "1978.03.10"]
[Round "11"]
[White "Spassky, Boris Vasilievich"]
[Black "Timman, Jan H"]
[Result "1/2-1/2"]
[WhiteElo "2630"]
[BlackElo "2585"]
[Annotator "Bulletin"]
[PlyCount "72"]
[EventDate "1978.02.27"]
[EventType "tourn"]
[EventRounds "15"]
[EventCountry "YUG"]
[EventCategory "14"]
[SourceTitle "MCL"]
[Source "ChessBase"]
[SourceDate "1999.07.01"]
[SourceVersion "1"]
[SourceVersionDate "1999.07.01"]
[SourceQuality "1"]

1. d4 Nf6 2. c4 g6 3. Nc3 d5 4. cxd5 Nxd5 5. e4 Nxc3 6. bxc3 Bg7 7. Bc4 O-O 8.
Ne2 c5 9. O-O Nc6 10. Be3 cxd4 11. cxd4 Bg4 12. f3 Na5 13. Bd5 Bd7 14. Rb1 a6
15. Bxb7 Ra7 16. Bd5 Bb5 17. a4 Bxe2 18. Qxe2 e6 19. Bc4 Bxd4 20. Rfd1 Bxe3+
21. Qxe3 Rd7 22. Be2 Rxd1+ 23. Rxd1 Qc8 24. Qc1 (24. Rc1 Qb7 25. Kf2 Qb4 26.
Qc3 Rb8 27. Qxb4 Rxb4 28. Rc8+ Kg7 29. Ra8 Nb3 30. Rxa6 {Remis.
Polugaevsky-Mecking, (5) Luzern 1977}) 24... Qb7 25. Qc5 Nb3 26. Qe3 Na5 27.
Rd6 Qb4 28. Qd2 Qxa4 29. Rxa6 Qa1+ (29... Nb3 30. Rxa4 Nxd2 31. Rb4 $14) 30.
Kf2 Nb3 31. Rxa1 Nxd2 32. Ke3 Nb3 33. Rb1 Nc5 34. Kd4 Nd7 35. Rb7 Rd8 36. Bb5
Nf6+ 1/2-1/2

[Event "Reykjavik Summit"]
[Site "Reykjavik"]
[Date "1990.??.??"]
[Round "?"]
[White "Seirawan, Yasser"]
[Black "Olafsson, Helgi"]
[Result "1/2-1/2"]
[WhiteElo "2595"]
[BlackElo "2575"]
[Annotator "Ftacnik,L"]
[PlyCount "108"]
[EventDate "1990.03.??"]
[EventType "team"]
[EventRounds "6"]
[EventCountry "ISL"]
[SourceTitle "CBM 018"]
[Source "ChessBase"]
[SourceDate "1990.10.01"]
[SourceVersion "1"]
[SourceVersionDate "1990.10.01"]
[SourceQuality "1"]

1. d4 Nf6 2. c4 g6 3. Nc3 d5 4. cxd5 Nxd5 5. e4 Nxc3 6. bxc3 Bg7 7. Bc4 c5 8.
Ne2 Nc6 9. Be3 O-O 10. O-O Bg4 11. f3 Na5 12. Bxf7+ Rxf7 13. fxg4 Rxf1+ 14.
Kxf1 cxd4 15. cxd4 e5 16. dxe5 {N} (16. d5 Nc4 17. Bf2 Qf6 18. Kg1 Rf8 19. Qe1
Bh6 20. Ng3 Qa6 21. Kh1 Qa4 22. Qe2 $13 {Georgiev,Kir-Ivanchuk,V/Reggio Emilia/
1989/}) 16... Bxe5 17. Qxd8+ (17. Rc1) 17... Rxd8 18. Rc1 Nc6 19. g3 Rd3 20.
Bf4 (20. Kf2 Ra3 $132) 20... Bd4 (20... Ra3 21. Bxe5 Nxe5 22. Rc8+ Kg7 23. Rc7+
Kg8 24. Rxb7 $14) 21. Nxd4 (21. Rb1 Bb6) 21... Rxd4 22. Rb1 Rb4 $1 (22... Rxe4
23. Rxb7 $14) 23. Rxb4 Nxb4 24. a4 Nc6 25. Ke2 (25. Bd2 b6 26. Ke2 a6 27. Kd3
b5 $1) 25... a6 26. Bd2 b5 $1 27. axb5 axb5 28. Bc3 Kf7 29. Ke3 Ke6 30. Kf4 b4
31. Ba1 Nd8 32. h4 (32. Kg5 Nf7+) 32... Nf7 33. Ke3 Ne5 34. Kf4 Nf7 35. Ke3 b3
36. Kd4 (36. Kf4 Nd6 {/\ Nc4, b2}) 36... Ne5 37. g5 Ng4 38. Kc4 Nf2 39. Kxb3 (
39. e5 Ne4 40. Kxb3 Nxg3 41. Kc4 Nf5 42. Kd3 Kd5 $17) 39... Nxe4 40. g4 Nf2 41.
h5 $1 Nxg4 42. hxg6 hxg6 43. Bb2 Kf5 44. Bc1 Nf2 45. Kc2 Ne4 46. Kd3 Nxg5 47.
Ke2 Ne6 48. Kf3 Nd4+ 49. Kg2 Ne2 50. Bh6 Kg4 51. Kf2 Ng3 52. Bc1 Nh5 53. Bh6
Nf4 54. Kf1 Kf3 {Ftacnik,L} 1/2-1/2

[Event "Interzonal-14c"]
[Site "Zagreb"]
[Date "1987.??.??"]
[Round "4"]
[White "Seirawan, Yasser"]
[Black "Granda Zuniga, Julio E"]
[Result "1/2-1/2"]
[WhiteElo "2600"]
[BlackElo "2525"]
[Annotator "Ftacnik,L"]
[PlyCount "76"]
[EventDate "1987.08.01"]
[EventType "tourn"]
[EventRounds "17"]
[EventCountry "YUG"]
[EventCategory "12"]
[SourceTitle "CBM 004"]
[Source "ChessBase"]
[SourceDate "1988.06.01"]
[SourceVersion "1"]
[SourceVersionDate "1988.06.01"]
[SourceQuality "1"]

1. d4 Nf6 2. c4 g6 3. Nc3 d5 4. cxd5 Nxd5 5. e4 Nxc3 6. bxc3 Bg7 7. Bc4 c5 8.
Ne2 cxd4 9. cxd4 Nc6 10. Be3 O-O 11. O-O b6 12. Rc1 Bb7 13. d5 Ne5 (13... Na5
14. Bb5 $1 $14) 14. Bb5 (14. Bb3 Ba6 $1 $132 (14... Qd6 $6 15. f4 Ng4 16. Bd4
$16)) 14... Qd6 (14... a6 $6 15. Bc6 $1 Bxc6 16. dxc6 $16) 15. f4 (15. Nd4 Rfc8
16. f4 $1 Rxc1 17. Bxc1 $13) 15... Ng4 16. Bd4 e5 $1 (16... Bxd4+ $2 17. Qxd4
e5 18. dxe6 Qxe6 $2 19. Bd7 $18) 17. h3 $1 (17. dxe6 $2 Qxe6 18. Bxg7 Qxe4 $1
$19) 17... exd4 18. hxg4 Rac8 19. Qd3 $6 (19. Bc4 $1) 19... f5 $1 $132 20. gxf5
gxf5 21. e5 $8 (21. Nxd4 $2 fxe4 22. Qxe4 Qb4 $1 $19) 21... Qxd5 22. Bc4 Rxc4
23. Qxc4 Qxc4 24. Rxc4 Ba6 25. Rxd4 $1 (25. Rfc1 $2 d3 {/\d2-+}) 25... Bxe2 26.
Rc1 b5 27. Rc7 Ra8 (27... Rf7 $2 28. Rd8+ Bf8 29. Rcc8 $1 Bc4 (29... Kg7 30. e6
Rf6 31. Rd7+ Kg6 32. e7 $18) 30. Re8 $1 Kg7 31. e6 $18) 28. Rdd7 Bf8 29. Rxh7 (
29. e6 $2 Re8 $1 (29... Bb4 $2 30. Rxh7 Bf8 31. e7 Bg7 32. Rxg7+ $18) 30. e7
Bg7 31. Rxa7 Kf7) 29... a5 30. Kf2 Bg4 $1 (30... Bc4 $6 31. g4 $1 fxg4 (31...
Be6 $2 32. gxf5 Bxf5 33. Rh5 $1) 32. f5 Bxa2 33. Rh4 $1 $36) 31. Kg3 $1 a4 32.
Kh4 b4 33. Ra7 $1 $10 (33. Kg5 $2 b3 $1 34. axb3 axb3 35. Rb7 b2 36. Rhd7 (36.
Rh1 Ra1) 36... Ra7 $3 $19) 33... Rxa7 34. Rxa7 b3 (34... a3 $2 35. Kg5 (35. e6
Bc5)) 35. axb3 axb3 36. Rb7 (36. Kg5 Bd1 37. Kf6 Bc2 38. Rb7 Ba3 39. e6 b2 40.
e7 Bxe7+ 41. Kxe7 b1=Q 42. Rxb1 Bxb1 43. Kf6 $10) 36... Bh6 $1 37. Rxb3 Bxf4
38. Rb4 Bxe5 1/2-1/2

[Event "ISR-ch"]
[Site "Ramat Aviv"]
[Date "1998.11.15"]
[Round "4.1"]
[White "Tyomkin, Dimitri"]
[Black "Liss, Eran"]
[Result "0-1"]
[WhiteElo "2465"]
[BlackElo "2505"]
[Annotator "Ftacnik,L"]
[PlyCount "64"]
[EventDate "1998.11.08"]
[EventType "k.o."]
[EventRounds "5"]
[EventCountry "ISR"]
[SourceTitle "CBM 068"]
[Source "ChessBase"]
[SourceDate "1999.02.01"]
[SourceVersion "1"]
[SourceVersionDate "1999.02.01"]
[SourceQuality "1"]

1. d4 Nf6 2. c4 g6 3. Nc3 d5 4. cxd5 Nxd5 5. e4 Nxc3 6. bxc3 Bg7 7. Bc4 c5 8.
Ne2 Nc6 9. Be3 O-O 10. O-O Bg4 11. f3 cxd4 12. cxd4 Na5 13. Bxf7+ Rxf7 14. fxg4
Rxf1+ 15. Kxf1 e5 16. d5 Nc4 17. Qd3 b5 (17... Nxe3+ 18. Qxe3 Qh4 19. Qg3 (19.
h3 b6 (19... Bh6 20. Qd3 Rf8+ 21. Kg1 Qf2+ 22. Kh1 Qe3 $1 23. Qxe3 Bxe3 24. Rd1
Rf2 {1/2-1/2 Kramnik,V-Shirov,A/Cazorla 1998/ (34)}) 20. Kg1 Bf8 21. Kh1 Bc5
22. Qd3 Qf6 23. Ng1 Qf2 24. Nf3 Bd6 25. Qa6 Rf8 26. Ng5 {1-0 Nenashev,
A-Conquest,S/Groningen 1997/ (37)}) 19... Rf8+ 20. Kg1 Qxg3 21. Nxg3 Bh6 22.
Rf1 Be3+ 23. Kh1 Rc8 24. h4 Rc2 25. Rf3 Bc5 26. h5 Rxa2 {0-1 Tuchtfeld,
J-Stephan,A/OLNN 1993/EXT 97-B (42) 0-1}) 18. Ng1 (18. g5 Bf8 19. Ng1 a6 (19...
Nxe3+ 20. Qxe3 Qb6 $5 21. Qc3 (21. Qxb6 axb6 22. Nf3 Bc5 $1 23. Rb1 Rxa2 24.
Rxb5 Rf2+ 25. Ke1 Rxg2 26. h3 Rg3 27. Nxe5 Re3+ 28. Kd1 Rxe4 $11) 21... b4 22.
Qc4 (22. Qc6 Qxc6 23. dxc6 Rc8 24. Rc1 Kf7 25. Nf3 Ke6 $13) 22... Bd6 23. Ke2
$6 (23. Nf3 a5 24. Qc6 Qxc6 25. dxc6 Rc8 26. Rc1 Kf7 $13) 23... a5 24. Nh3 a4 {
0-1 Van Wely,L-Nijboer,F/Rotterdam 1998/ (39)}) 20. Nf3 Bd6 21. Re1 Rc8 22. Re2
Nxe3+ 23. Qxe3 Qc7 24. Qb3 Qc1+ 25. Re1 Qc4+ 26. Re2 a5 {0-1 Van Tilbury,
C-Zadrima,A/Moscow 1994/CBM 44 ext (41) 0-1}) 18... Bf8 19. Nf3 Bd6 20. Bf2 (
20. g5 Qa5 $5) 20... Qa5 21. Kg1 Rc8 22. Ng5 $2 {White misses a strong answer
of his opponent, black can transpose to the endgame due to excellent
cooperation of his pieces.} (22. Qe2 $5 Na3 23. Ng5 $16) 22... Qd2 23. Qxd2
Nxd2 {[%mdl 4096]} 24. Be3 (24. Bxa7 h6 25. Ne6 (25. Rd1 Rc2 26. Ne6 Nxe4 $11)
25... Nxe4 26. Be3 g5 $11) 24... Nc4 25. Bxa7 Ra8 26. Bf2 b4 27. Rc1 $6 (27.
Ne6 $2 b3 $17) (27. Rb1 $5 Rxa2 28. Nf3 Re2 $13) 27... Rxa2 28. Rxc4 Ra1+ 29.
Be1 b3 $1 {Tyomkin has probably missed this fine idea, black's main trumph is
making a home run.} (29... Rxe1+ $2 30. Kf2 Ra1 31. Rc6 $16) 30. Rc8+ Kg7 31.
Kf2 (31. Ne6+ Kf7 (31... Kf6 32. g5+ Ke7 33. Kf2 b2 34. Bb4 Bxb4 $1 (34... b1=Q
35. Rc7+ Ke8 36. Ng7+ Kf8 37. Ne6+ Kg8 38. Rc8+ Kf7 39. Nd8+ Ke7 40. Nc6+ Kf7 (
40... Kd7 41. Rd8+ Kc7 42. Bxd6+ $18) 41. Nd8+ $11) 35. Rc7+ Kd6 36. Rc6+ Kd7
37. Rc7+ Ke8 38. Ng7+ Kf8 39. Ne6+ Kg8 40. Rc8+ Kf7 41. Rc7+ Be7 $19) 32. Nd8+
Ke7 33. Nc6+ Kd7 34. Rd8+ Kc7 35. Kf2 b2 36. Rb8 Bc5+ (36... b1=Q $2 37. Ba5+
Rxa5 38. Rxb1 $18) 37. Ke2 Rxe1+ $1 38. Kxe1 Bb6 $19) 31... b2 32. Ne6+ Kf7 (
32... Kf7 33. Nd8+ Kf6 34. g5+ Kxg5 $19) 0-1

[Event "Belgrade Investbank"]
[Site "Belgrade"]
[Date "1989.11.??"]
[Round "4"]
[White "Jussupow, Artur"]
[Black "Popovic, Petar"]
[Result "1-0"]
[WhiteElo "2610"]
[BlackElo "2550"]
[Annotator "Ftacnik,L"]
[PlyCount "83"]
[EventDate "1989.11.??"]
[EventType "tourn"]
[EventRounds "11"]
[EventCountry "YUG"]
[EventCategory "15"]
[SourceTitle "CBM 016"]
[Source "ChessBase"]
[SourceDate "1990.06.01"]
[SourceVersion "1"]
[SourceVersionDate "1990.06.01"]
[SourceQuality "1"]

1. d4 Nf6 2. c4 g6 3. Nc3 d5 4. cxd5 Nxd5 5. e4 Nxc3 6. bxc3 Bg7 7. Bc4 c5 8.
Ne2 Nc6 9. Be3 O-O 10. O-O Bg4 11. f3 Na5 12. Bxf7+ Rxf7 13. fxg4 Rxf1+ 14.
Kxf1 Qd7 15. h3 {N} (15. g5 Rd8 16. Kg1 e6 17. Rb1 Nc4 18. Bf2 b5 $14 {
Gligoric,S-Popovic,P/Jugoslavija/1988/1/4-1/4/39/} 19. Qd3) 15... Nc4 16. Bf2
cxd4 17. cxd4 e5 18. dxe5 (18. d5 Bh6 $44) 18... Nd2+ 19. Ke1 $8 (19. Kg1 Bxe5
20. Rc1 Bb2 21. Be3 Bxc1 22. Qxc1 Rc8 23. Qxd2 Qxd2 24. Bxd2 Rc2 $19) 19...
Bxe5 $2 (19... Bh6 $5 20. Qc2 Rc8 21. Qb2 Nxe4 22. Qb3+ $13 (22. Rd1 $2 Qxd1+
23. Kxd1 Nxf2+ 24. Ke1 Nd3+ $19)) 20. Rc1 Rd8 (20... Rf8 21. Qxd2 Qxd2+ 22.
Kxd2 Rxf2 23. Ke3 Rxg2 24. Rc5 $16) 21. Qc2 Qf7 22. Rd1 Rf8 23. Bc5 $1 Rc8 $8
24. Rxd2 b6 25. Rd5 Bg7 26. Qd3 bxc5 27. Rd8+ Rxd8 28. Qxd8+ Bf8 29. Qd5 Kg7
30. g5 c4 $6 (30... Qc7 $5 $16) 31. Nd4 Bb4+ 32. Ke2 Qxd5 33. exd5 a5 34. Nc6
Kf8 35. Ne5 c3 36. Kd3 Ke7 37. Nc4 a4 38. a3 Bc5 39. Kxc3 Kd7 40. Kd3 Be7 41.
Kd4 Bxg5 42. Kc5 {Ftacnik} 1-0

[Event "YUG-ch"]
[Site "Kladovo"]
[Date "1990.??.??"]
[Round "?"]
[White "Gligoric, Svetozar"]
[Black "Ilincic, Zlatko"]
[Result "1/2-1/2"]
[WhiteElo "2485"]
[BlackElo "2490"]
[Annotator "Ftacnik,L"]
[PlyCount "89"]
[EventDate "1990.02.??"]
[EventType "tourn"]
[EventRounds "15"]
[EventCountry "YUG"]
[EventCategory "9"]
[SourceTitle "CBM 017"]
[Source "ChessBase"]
[SourceDate "1990.08.01"]
[SourceVersion "1"]
[SourceVersionDate "1990.08.01"]
[SourceQuality "1"]

1. d4 Nf6 2. c4 g6 3. Nc3 d5 4. cxd5 Nxd5 5. e4 Nxc3 6. bxc3 Bg7 7. Bc4 O-O 8.
Ne2 c5 9. O-O Nc6 10. Be3 Na5 11. Bd3 cxd4 12. cxd4 Be6 13. d5 Bxa1 14. Qxa1 f6
15. Bh6 Re8 16. Nf4 Bf7 17. Bb5 $6 (17. e5 $1 $40 Bxd5 18. Rd1) 17... Qd6 18.
Bxe8 Rxe8 19. Qc3 b6 20. Rc1 Nb7 21. Nd3 (21. Qc7 Nc5) 21... Rd8 22. h3 (22.
Bf4 e5 $1) 22... Be8 {/\ Bb5} 23. e5 Qxd5 24. exf6 Qxd3 25. f7+ Kxf7 26. Qg7+
Ke6 27. Re1+ Kd5 $1 (27... Kd6 28. Qxe7+ Kc6 29. Re6+ $16) 28. Qxe7 Bd7 (28...
Bc6 29. Qe5+ Kc4 30. Rc1+) 29. Bf4 Kc6 30. a4 Re8 31. Qf6+ Nd6 $8 32. Rc1+ Kb7
33. Qxd6 Qxd6 34. Bxd6 Rc8 35. Rxc8 Bxc8 $10 36. a5 b5 37. Kf1 Kc6 38. Bb8 a6
39. Ke2 Kc5 40. Kd2 h5 41. Kc3 b4+ 42. Kb2 Kb5 43. Bc7 h4 44. Bd8 Be6 45. g3 {
Ftacnik,L} 1/2-1/2